BP Oil UK Ltd and others v Lloyds TSB Bank plc (Record no. 74863)

MARC details
000 -LEADER
fixed length control field 01332cam a2200193 4500
001 - CONTROL NUMBER
control field ABS68748
008 - FIXED-LENGTH DATA ELEMENTS--GENERAL INFORMATION
fixed length control field 050303n2005 000 0 eng u
035 ## - SYSTEM CONTROL NUMBER
System control number (Sirsi) u128925
041 ## - LANGUAGE CODE
Language code of text/sound track or separate title eng
245 ## - TITLE STATEMENT
Title BP Oil UK Ltd and others v Lloyds TSB Bank plc
260 ## - PUBLICATION, DISTRIBUTION, ETC.
Date of publication, distribution, etc. 2005
490 ## - SERIES STATEMENT
Series statement Estates Gazette
Volume/sequential designation [2005] 10 EG156-159(4)
520 ## - SUMMARY, ETC.
Summary, etc. [2004] EWCA Civ 1710, 21 December 2004. Discusses if an option to reassign a lease can be exercised by a landlord despite not having been the landlord throughout the option period. B brought proceedings to determine whether the option to require L to take back the property had been validly exercised and, if not, whether the option could be validly exercised if the lease were reassigned to all the claimants. The court found that the exercise of the option was invalid but B could exercise the option after they had reassigned the lease back to themselves. Both parties appealed. "Held": the appeals were dismissed, the judge was correct in his interpretation of the agreement.
590 ## - LOCAL NOTE (RLIN)
Local note ABS
650 ## - SUBJECT ADDED ENTRY--TOPICAL TERM
Topical term or geographic name entry element BP OIL UK LTD AND OTHERS V LLOYDS TSB BANK PLC
690 ## - LOCAL SUBJECT ADDED ENTRY--TOPICAL TERM (OCLC, RLIN)
Topical term or geographic name as entry element LANDLORD AND TENANT-BUSINESS TENANCIES-CASE LAW
856 ## - ELECTRONIC LOCATION AND ACCESS
Uniform Resource Identifier <a href="https://www.bailii.org/cgi-bin/markup.cgi?doc=/ew/cases/EWCA/Civ/2004/1710.html">https://www.bailii.org/cgi-bin/markup.cgi?doc=/ew/cases/EWCA/Civ/2004/1710.html</a>
Public note View thejudgment free of charge at www.bailii.org...
942 ## - ADDED ENTRY ELEMENTS (KOHA)
Suppress in OPAC 0
Holdings
Withdrawn status Lost status Source of classification or shelving scheme Damaged status Not for loan Home library Current library Shelving location Date acquired Total Checkouts Full call number Barcode Date last seen Copy number Price effective from Koha item type
    Dewey Decimal Classification     London London Journal article 03/03/2005   ABS68748 128925-1001 06/08/2019 1 06/08/2019 Journal article